00424 a2200145 4500003000400000005001700004008004100021020001800062040000900080082001500089100004500104245008700149260003300236300000900269OSt20230916105329.0230916b |||||||| |||| 00| 0 eng d a9781474998161 coclc a612bHUL/L1 aHull, Sarahc(Usborne children's author) aLots of things to know about your body /cSarah Hull, illustrated by Susanna Rumiz aLondon:bUsborne Publishing, a64 p